Obálka Náhled e-knihy:
PDF Epub
Pro půjčování e-knih musíte být přihlášeni.
Jak si půjčit online?

Legendy /

Sbírka příběhů, které kombinují temnou fantastiku, hlubokou symboliku a poetický jazyk.

Uloženo v:
Hlavní autor: Suchý, Oldřich, 1982- (Autor)
Médium: E-kniha
Jazyk:Czech
Vydáno: Velešín : Golden Dog, 2025
Vydání:1. vydání
Témata:
Tagy:
Žádné tagy
LEADER 02030nam a2200385 i 4500
001 312688
003 CZ PrSKC
005 20260601215727.0
007 ta
008 250401s2025 xr g 000 j cze
015 |a cnb003674524 
020 |a 9788053027250  |q (vázáno) 
035 |a (OCoLC)1544835744 
040 |a ABG001  |b cze  |e rda 
072 7 |a 821.162.3-3  |x Česká próza  |2 Konspekt 
080 |a 821.162.3-32  |2 MRF 
080 |a (0:82-322.9)  |2 MRF 
100 1 |a Suchý, Oldřich,  |d 1982-  |7 xx0330965  |4 aut 
245 1 0 |a Legendy /  |c jak je zapsal Oldřich Suchý 
250 |a 1. vydání 
264 1 |a Velešín :  |b Golden Dog,  |c 2025 
300 |a 432 stran ;  |c 21 cm 
336 |a text  |b txt  |2 rdacontent 
337 |a bez média  |b n  |2 rdamedia 
338 |a svazek  |b nc  |2 rdacarrier 
520 2 |a Sbírka příběhů, které kombinují temnou fantastiku, hlubokou symboliku a poetický jazyk.  |b Autor s precizností a citem pro detail vykresluje postavy zmítané osudem, hledáním a vnitřními konflikty. Jeho vypravěčský styl se vyznačuje bohatými obrazy, silnou atmosférou a schopností přenést čtenáře do tajemných světů, kde hranice mezi skutečností a magií zcela mizí. Každý z příběhů vyniká svou mnohovrstevností, Oldřich Suchý zachycuje napětí mezi temnotou a světlem, zoufalstvím a nadějí. Nakladatelská anotace. Kráceno. 
655 7 |a české příběhy  |7 fd133973  |2 czenas 
655 7 |a fantasy příběhy  |7 fd184198  |2 czenas 
655 9 |a Czech stories  |2 eczenas 
655 9 |a fantasy stories  |2 eczenas 
900 |a ABA001  |b 19 
044 |a xr 
910 |a RBIT002 
998 |d 418230  |a https://core.palmknihy.cz/api/books/418230/cover?su91m1  |b https://core.palmknihy.cz/api/books/418230/cover/400?su91m1  |c https://core.palmknihy.cz/api/books/418230/cover/50?su91m1  |e   |g 432  |i 9788053027250  |j https://core.palmknihy.cz/api/books/418230/preview.epub  |k https://core.palmknihy.cz/api/books/418230/preview.pdf  |l   |q 49  |r 1  |s https://www.palmknihy.cz/kniha/418230  |t ebook  |y 2025  |z 0 
999 |d 312686